Cuaderno de actividades de servicio social comunitario del Instituto Tecnológico de Estudios Superiores de Monterrey, campus Guadalajara : propósito, sustento filosófico y resultados en su aplicación /

-д хадгалсан:
Номзүйн дэлгэрэнгүй
Үндсэн зохиолч: Marrufo Cardín, Luis (autor)
Формат: Дипломын ажил Ном
Хэл сонгох:испани
Хэвлэсэн: Guadalajara, México : edición de autor, 2003
Нөхцлүүд:
Онлайн хандалт:Ver documento en línea
Шошгууд: Шошго нэмэх
Шошго байхгүй, Энэхүү баримтыг шошголох эхний хүн болох!

MARC

LEADER 00000nam^a2200000^a^4500
001 000629996
005 20260325000000.0
009 20260407175401.526
037 |a Acervo ITESO - Biblioteca 
041 |a ESP 
090 |a MFS. 41 
100 |a Marrufo Cardín, Luis  |e (autor) 
245 1 0 |a Cuaderno de actividades de servicio social comunitario del Instituto Tecnológico de Estudios Superiores de Monterrey, campus Guadalajara :  |b propósito, sustento filosófico y resultados en su aplicación /  |c L. Marrufo Cardín. 
264 1 |a Guadalajara, México :  |b edición de autor,  |c 2003 
300 |a 1 tesis electrónica en línea (210 p.) 
300 |a 1 recurso en línea 
336 |a datos para computadora  |b cod  |2 rdacontenido 
337 |a computadora  |b c  |2 rdamedio 
338 |a recurso en línea  |b cr  |2 rdasoporte 
502 |a ITESO Tesis de Maestría en Filosofía Social 
649 |a XX 
650 |a Servicio Social -  |x Manuales -  |x Tema Principal 
650 |a Actividades Curriculares 
650 |a Planeación Educativa 
650 |a Administración Educativa 
650 |a Universidades Privadas -  |z Guadalajara, Jalisco -  |x Planeación 
650 |a Universidades Privadas -  |z Jalisco -  |x Planeación 
650 |a Antropología Filosófica 
650 |a Sociología 
650 |a Zubiri, Xavier 
650 |a Bourdieu, Pierre 
856 4 0 |u https://hdl.handle.net/11117/11953  |y Ver documento en línea 
910 |a Fondo General 
920 |a Electrónicos - Tesis del ITESO en Línea 
930 |a Repositorio Institucional 
905 |a 201 
901 |a 629996-1  |b IT2  |c ETI  |u 20260325 
902 |a https://opac.biblio.iteso.mx/vufind/Record/000629996